[Event "Oslo Chess International - Håvard Vederhus' memorial"]
[Site "Ullevaal Stadion"]
[Date "2013.09.29"]
[Round "6"]
[White "Harstad, Christian"]
[Black "Torgersen, Terje"]
[Result "1-0"]
[WhiteElo "1917"]
[BlackElo "1977"]
[PlyCount "45"]
[EventDate "2013.??.??"]

1. d4 Nf6 2. c4 e6 3. Nc3 c5 4. d5 exd5 5. cxd5 d6 6. e4 g6 7. Nge2 Bg7 8. Ng3
h5 9. Be2 h4 10. Nf1 h3 11. g3 a6 12. a4 Qe7 13. Bg5 Qe5 14. Bf4 Qe7 15. Nd2
Nfd7 16. Nc4 Ne5 17. Nb6 Nbd7 18. Nxa8 c4 19. O-O b6 20. a5 bxa5 21. Be3 Qd8
22. Na4 Bb7 23. N8b6
1-0

[Event "Oslo Chess International - Håvard Vederhus' memorial"]
[Site "Ullevaal Stadion"]
[Date "2013.09.29"]
[Round "6"]
[White "Egeland, Finn"]
[Black "Nilsen, Martin"]
[Result "0-1"]
[WhiteElo "1962"]
[BlackElo "1904"]
[PlyCount "46"]
[EventDate "2013.??.??"]

1. e4 e6 2. d4 d5 3. Nc3 Nf6 4. e5 Nfd7 5. f4 c5 6. dxc5 Bxc5 7. Nf3 Nb6 8. Bd3
Nc6 9. Qe2 Bd7 10. a3 Rc8 11. Bd2 Nd4 12. Nxd4 Bxd4 13. Qg4 O-O 14. Qh3 g6 15.
Qg3 Nc4 16. Bxc4 Rxc4 17. h4 Qb6 18. Rb1 Rfc8 19. Ke2 Bxc3 20. Bxc3 d4 21. Bd2
Rxc2 22. h5 Qc6 23. Kd1 Rxd2+
0-1

[Event "Oslo Chess International - Håvard Vederhus' memorial"]
[Site "Ullevaal Stadion"]
[Date "2013.09.29"]
[Round "6"]
[White "Einarsen, Kenneth"]
[Black "Wahlstedt, Mats"]
[Result "1-0"]
[WhiteElo "2094"]
[BlackElo "1966"]
[PlyCount "51"]
[EventDate "2013.??.??"]

1. d4 Nf6 2. Nf3 g6 3. Bf4 d6 4. e3 Bg7 5. h3 O-O 6. Be2 b6 7. O-O Bb7 8. c4 c5
9. Nc3 cxd4 10. exd4 d5 11. Ne5 Nbd7 12. Bf3 e6 13. Re1 h6 14. Qa4 a6 15. Rad1
Rc8 16. Nxd7 Nxd7 17. cxd5 b5 18. Qb3 Kh7 19. dxe6 Bxf3 20. e7 Qb6 21. exf8=N+
Rxf8 22. gxf3 Qf6 23. Nd5 Qh4 24. Kg2 Bf6 25. Bg3 Qg5 26. Nxf6+
1-0

[Event "Oslo Chess International - Håvard Vederhus' memorial"]
[Site "Ullevaal Stadion"]
[Date "2013.09.29"]
[Round "6"]
[White "Grønn, Eskil Ekeland"]
[Black "Bjørn, Lasse E"]
[Result "1-0"]
[WhiteElo "1866"]
[BlackElo "1807"]
[PlyCount "71"]
[EventDate "2013.??.??"]

1. d4 d5 2. Nf3 Nf6 3. Bf4 e6 4. e3 c5 5. Bd3 Nc6 6. O-O Qb6 7. b3 Bd7 8. c3
Rc8 9. Ne5 Nxe5 10. Bxe5 Be7 11. a4 O-O 12. a5 Qd8 13. dxc5 Bxc5 14. b4 Be7 15.
Bd4 a6 16. Nd2 Bb5 17. Bxb5 axb5 18. Qe2 Nd7 19. f4 Bf6 20. Rfc1 Qc7 21. Bxf6
Nxf6 22. Qxb5 d4 23. exd4 Qxf4 24. Qd3 Ng4 25. Nf3 Rfd8 26. g3 Qf6 27. Qe4 h5
28. c4 Qe7 29. c5 Rd5 30. b5 e5 31. Qxd5 e4 32. Ne5 Qg5 33. Qxf7+ Kh7 34. Nxg4
h4 35. Nf6+ Kh6 36. Qh5+
1-0

[Event "Oslo Chess International - Håvard Vederhus' memorial"]
[Site "Ullevaal Stadion"]
[Date "2013.09.29"]
[Round "6"]
[White "Bryn, Askild"]
[Black "Tangelder, Yonne"]
[Result "1/2-1/2"]
[WhiteElo "2064"]
[BlackElo "1804"]
[PlyCount "81"]
[EventDate "2013.??.??"]

1. e4 e5 2. Nf3 Nc6 3. Bb5 f5 4. d3 fxe4 5. dxe4 Nf6 6. O-O Bc5 7. Bxc6 bxc6 8.
Nxe5 O-O 9. Nc3 d5 10. Bg5 Qd6 11. Nd3 Ng4 12. e5 Nxe5 13. Nxc5 Ng4 14. g3 Qxc5
15. Qe2 Qb6 16. b3 Nf6 17. Na4 Qb4 18. c3 Qg4 19. Qxg4 Bxg4 20. f3 Bh3 21. Rfe1
Rae8 22. Rxe8 Nxe8 23. Kf2 Bg4 24. f4 Rf7 25. Re1 Nd6 26. Nc5 h6 27. Bd8 Bf5
28. Re7 Rxe7 29. Bxe7 Ne4+ 30. Nxe4 Bxe4 31. Bd8 Kf7 32. Ke3 h5 33. Kd4 Bb1 34.
a3 Ba2 35. b4 Ke6 36. Bxc7 Bb3 37. Kc5 Ba4 38. c4 dxc4 39. Kxc4 Kf5 40. h3 g6
41. Kd4
1/2-1/2

[Event "Oslo Chess International - Håvard Vederhus' memorial"]
[Site "Ullevaal Stadion"]
[Date "2013.09.29"]
[Round "6"]
[White "Donchenko, Irina"]
[Black "Machlik, Edit"]
[Result "0-1"]
[WhiteElo "2083"]
[BlackElo "1820"]
[PlyCount "61"]
[EventDate "2013.??.??"]

1. Nf3 d5 2. d4 Nf6 3. c4 dxc4 4. g3 c6 5. Bg2 b5 6. a4 Bb7 7. Ne5 a6 8. axb5
axb5 9. Rxa8 Bxa8 10. O-O e6 11. b3 cxb3 12. Bb2 Be7 13. Qxb3 O-O 14. Qa2 Bb7
15. Qa7 Qc7 16. Rc1 Nd5 17. Nc3 Nxc3 18. Rxc3 Rc8 19. Rc1 Bd6 20. Nd3 Nd7 21.
d5 Ra8 22. Qe3 exd5 23. Bxd5 Nb6 24. Qg5 Bf8 25. Bb3 Re8 26. Ne5 Re7 27. f4 Nd7
28. Nxf7 Rxf7 29. Rd1 c5 30. Bxf7+ Kxf7 31. Qd5+
0-1

[Event "Oslo Chess International - Håvard Vederhus' memorial"]
[Site "Ullevaal Stadion"]
[Date "2013.09.29"]
[Round "6"]
[White "Hølleland, Sigve"]
[Black "Johansen, Torbjørn Reidar"]
[Result "1-0"]
[WhiteElo "1741"]
[BlackElo "1855"]
[PlyCount "47"]
[EventDate "2013.??.??"]

1. d4 d5 2. c4 e6 3. g3 Nf6 4. Bg2 c6 5. Nf3 Bb4+ 6. Bd2 Bxd2+ 7. Nbxd2 O-O 8.
O-O Nbd7 9. Re1 Re8 10. e4 dxe4 11. Nxe4 Nxe4 12. Rxe4 Nb6 13. Qc2 g6 14. Rae1
e5 15. Rxe5 Rxe5 16. dxe5 Bf5 17. Qc1 Bg4 18. b3 Qf8 19. Ng5 f6 20. Qf4 fxg5
21. Qxg4 Qe7 22. e6 Nd7 23. Re2 h5 24. exd7
1-0

[Event "Oslo Chess International - Håvard Vederhus' memorial"]
[Site "Ullevaal Stadion"]
[Date "2013.09.29"]
[Round "6"]
[White "Andersen, Dag"]
[Black "Yilmaz, Kazim"]
[Result "1-0"]
[WhiteElo "1852"]
[BlackElo "1683"]
[PlyCount "99"]
[EventDate "2013.??.??"]

1. d4 d5 2. c4 e6 3. Nc3 Nf6 4. cxd5 exd5 5. Bg5 Bb4 6. Qc2 Nc6 7. e3 a6 8. Bd3
h6 9. Bh4 Qe7 10. Nf3 Bd7 11. O-O Bxc3 12. bxc3 g5 13. Bg3 Be6 14. Rab1 Nd8 15.
Be5 O-O 16. Rfe1 b5 17. Bxf6 Qxf6 18. e4 c6 19. Ne5 Kg7 20. Re3 Rg8 21. Rbe1 h5
22. Rf3 Qh6 23. exd5 cxd5 24. Bf5 Ra7 25. Bxe6 fxe6 26. a4 Rf8 27. Rxf8 Kxf8
28. Re3 Kg7 29. Qb3 Rb7 30. g3 Nf7 31. Nxf7 Kxf7 32. Rf3+ Kg8 33. Qb4 Qg7 34.
axb5 axb5 35. Qd6 Qe7 36. Qe5 Rb6 37. Rf6 Qg7 38. Rxe6 Rxe6 39. Qxe6+ Qf7 40.
Qxf7+ Kxf7 41. f3 Kf6 42. g4 h4 43. Kf2 Ke6 44. Ke3 Kf6 45. h3 Ke6 46. f4 Kf6
47. f5 Ke7 48. Kd2 Kd6 49. Kc2 Kc6 50. Kb3
1-0

[Event "Oslo Chess International - Håvard Vederhus' memorial"]
[Site "Ullevaal Stadion"]
[Date "2013.09.29"]
[Round "6"]
[White "Duijker, Bert"]
[Black "Amarapala, Sherington"]
[Result "0-1"]
[WhiteElo "1898"]
[BlackElo "1714"]
[PlyCount "48"]
[EventDate "2013.??.??"]

1. Nf3 d5 2. d4 e6 3. g3 c5 4. Bg2 Nc6 5. O-O Nf6 6. c4 Be7 7. cxd5 exd5 8. Nc3
O-O 9. Bf4 Bg4 10. dxc5 Bxc5 11. Rc1 Bb6 12. h3 Bh5 13. g4 Bg6 14. Ne5 Nxe5 15.
Bxe5 d4 16. Bxf6 Qxf6 17. Nd5 Qe5 18. Nb4 Bc7 19. f4 Qe3+ 20. Kh1 Bxf4 21. Nd5
Qxc1 22. Qxd4 Qd2 23. Ne7+ Kh8 24. Nxg6+ fxg6
0-1

[Event "Oslo Chess International - Håvard Vederhus' memorial"]
[Site "Ullevaal Stadion"]
[Date "2013.09.29"]
[Round "6"]
[White "Svanholm, Børge W"]
[Black "Endresen, Ola Torstein"]
[Result "1-0"]
[WhiteElo "1838"]
[BlackElo "1485"]
[PlyCount "47"]
[EventDate "2013.??.??"]

1. c4 c5 2. Nf3 Nc6 3. d4 cxd4 4. Nxd4 g6 5. e4 Bg7 6. Be3 d6 7. Nc3 Nf6 8. Be2
O-O 9. O-O Qc7 10. f3 Bd7 11. Rc1 a6 12. Qd2 Rac8 13. Rfd1 Ne5 14. b3 Nc6 15.
Bf1 Rfd8 16. Nd5 Qb8 17. Nxc6 Rxc6 18. Nxe7+ Kh8 19. Nxc6 Bxc6 20. Bf4 Bxe4 21.
fxe4 Ng4 22. c5 Qa7 23. h3 Nf6 24. Qe3
1-0

[Event "Oslo Chess International - Håvard Vederhus' memorial"]
[Site "Ullevaal Stadion"]
[Date "2013.09.29"]
[Round "6"]
[White "Pettersen, Jøran Sten"]
[Black "Lie, Terje"]
[Result "1-0"]
[WhiteElo "1837"]
[BlackElo "1596"]
[PlyCount "46"]
[EventDate "2013.??.??"]

1. d4 Nf6 2. Nf3 e6 3. Bf4 b6 4. Nbd2 Ba6 5. c4 Bb4 6. e3 Ne4 7. a3 Nxd2 8.
Nxd2 Be7 9. Qf3 c6 10. Qg3 g6 11. Bc7 Qc8 12. Ne4 O-O 13. Bf4 d5 14. Nd6 Qd7
15. h4 Rd8 16. c5 Bxf1 17. Kxf1 bxc5 18. dxc5 Na6 19. b4 h5 20. Be5 Bf8 21. Bf6
Bxd6 22. cxd6 Qxd6 23. Qg5 Rd7
1-0

[Event "Oslo Chess International - Håvard Vederhus' memorial"]
[Site "Ullevaal Stadion"]
[Date "2013.09.29"]
[Round "6"]
[White "Machlik, Endre"]
[Black "Sivaranjan, Aschmirthan"]
[Result "1-0"]
[WhiteElo "1692"]
[BlackElo "1568"]
[PlyCount "51"]
[EventDate "2013.??.??"]

1. d4 f5 2. c4 e6 3. Nf3 Nf6 4. g3 d6 5. Bg2 Be7 6. O-O O-O 7. b3 Qe8 8. Bb2 a6
9. Nbd2 Qg6 10. Rc1 Nbd7 11. Ne1 c5 12. e3 Rb8 13. Nd3 b6 14. Nf4 Qf7 15. d5 e5
16. Ne6 Re8 17. e4 fxe4 18. Nxe4 Nxe4 19. Bxe4 Nf8 20. f4 Bf6 21. fxe5 dxe5 22.
Bxe5 Nxe6 23. dxe6 Bxe6 24. Bxb8 Rxb8 25. Qd6 Rf8 26. Kh1
1-0

[Event "Oslo Chess International - Håvard Vederhus' memorial"]
[Site "Ullevaal Stadion"]
[Date "2013.09.29"]
[Round "6"]
[White "Bue, Gunnar"]
[Black "Mørkedal, Øyvind"]
[Result "0-1"]
[WhiteElo "1728"]
[BlackElo "1649"]
[PlyCount "50"]
[EventDate "2013.??.??"]

1. d4 d5 2. c4 c6 3. e3 Nf6 4. Nf3 Bf5 5. Bd3 Bxd3 6. Qxd3 e6 7. O-O Nbd7 8.
Nc3 Bb4 9. a3 Bxc3 10. Qxc3 O-O 11. b4 Ne4 12. Qb3 Nb6 13. c5 Nc4 14. Rd1 Qf6
15. Ra2 h5 16. Re2 g5 17. Nd2 Nexd2 18. Bxd2 g4 19. Be1 h4 20. Rb2 h3 21. Qd3
hxg2 22. Kxg2 Qf3+ 23. Kg1 Kg7 24. Qe2 Rh8 25. Qxf3 gxf3
0-1

[Event "Oslo Chess International - Håvard Vederhus' memorial"]
[Site "Ullevaal Stadion"]
[Date "2013.09.29"]
[Round "6"]
[White "Kalkman - De Koster, Franzke"]
[Black "Moberg, Jan Rune"]
[Result "0-1"]
[WhiteElo "1589"]
[BlackElo "1714"]
[PlyCount "74"]
[EventDate "2013.??.??"]

1. d4 d6 2. e4 Nd7 3. c4 c6 4. Nf3 e5 5. Be2 Ngf6 6. Nc3 Be7 7. O-O O-O 8. a3
a6 9. Rb1 b5 10. b3 Bb7 11. Bb2 Qc7 12. d5 bxc4 13. Bxc4 Nb6 14. dxc6 Qxc6 15.
Bd3 Rfc8 16. Qe2 Qe8 17. Rfd1 Bf8 18. Rbc1 Nh5 19. g3 Nf6 20. a4 h6 21. a5 Nbd7
22. Bc4 Nc5 23. Ba3 Ncxe4 24. Nd5 Bxd5 25. Bxd5 Nxd5 26. Qxe4 Nc3 27. Rxc3 Rxc3
28. Bxd6 Rd8 29. Qe1 Rxf3 30. Bxf8 Qxf8 31. Rb1 Rfd3 32. Qxe5 R8d5 33. Qe2 Qd8
34. b4 Rd1+ 35. Rxd1 Rxd1+ 36. Kg2 Qd5+ 37. Kh3 Qe6+
0-1

[Event "Oslo Chess International - Håvard Vederhus' memorial"]
[Site "Ullevaal Stadion"]
[Date "2013.09.29"]
[Round "6"]
[White "Wærstad, Leif E"]
[Black "Enersen, Eirik S"]
[Result "1-0"]
[WhiteElo "1538"]
[BlackElo "1009"]
[PlyCount "53"]
[EventDate "2013.??.??"]

1. Nf3 Nc6 2. c4 e5 3. Nc3 d6 4. g3 f5 5. d3 h6 6. Bg2 Nf6 7. e3 Be6 8. Rb1 d5
9. cxd5 Nxd5 10. O-O Nxc3 11. bxc3 Bxa2 12. Rxb7 Rb8 13. Rxb8 Qxb8 14. Qa4 Bd6
15. Qxa2 Qc8 16. Bd2 Qd7 17. Rb1 Ke7 18. Nh4 Kf6 19. Qa4 Nb8 20. Qxa7 Nc6 21.
Qa2 g5 22. Nf3 h5 23. h4 g4 24. Ng5 Kg6 25. Bxc6 Qxc6 26. Qf7+ Kh6 27. Qf6#
1-0

[Event "Oslo Chess International - Håvard Vederhus' memorial"]
[Site "Ullevaal Stadion"]
[Date "2013.09.29"]
[Round "6"]
[White "Sajjadi, Kimiya"]
[Black "Sjøberg, Isak"]
[Result "1-0"]
[WhiteElo "1465"]
[BlackElo "1100"]
[PlyCount "73"]
[EventDate "2013.??.??"]

1. e4 e5 2. Nf3 Nc6 3. Bc4 Bc5 4. Nc3 Nf6 5. d3 h6 6. O-O d6 7. h3 Be6 8. Bb3
O-O 9. Na4 Bb6 10. Nxb6 axb6 11. Be3 Bxb3 12. axb3 Rxa1 13. Qxa1 Qa8 14. Qe1
Qa5 15. Bd2 Qc5 16. Bc3 Ra8 17. Qd2 Nh5 18. Nh4 Ne7 19. Kh2 Qc6 20. Qe2 g6 21.
g3 Kh7 22. Ng2 Rf8 23. f4 exf4 24. Nxf4 Nxf4 25. Rxf4 d5 26. Bb4 Qe6 27. Qf2 c5
28. Rf6 Qe5 29. Rxf7+ Rxf7 30. Qxf7+ Kh8 31. Bc3 d4 32. Bd2 Qh5 33. g4 Qh4 34.
Kg2 b5 35. Bf4 Nc6 36. Qxb7 g5 37. Bg3
1-0

[Event "Oslo Chess International - Håvard Vederhus' memorial"]
[Site "Ullevaal Stadion"]
[Date "2013.09.29"]
[Round "6"]
[White "Vederhus, Alf"]
[Black "Skaslien, Ingrid"]
[Result "1-0"]
[WhiteElo "1278"]
[BlackElo "967"]
[PlyCount "57"]
[EventDate "2013.??.??"]

1. e4 c5 2. Nf3 Nc6 3. d4 cxd4 4. Nxd4 d6 5. Nc3 e6 6. Be2 Nf6 7. Bg5 Be7 8.
Qd3 Qb6 9. Nxc6 bxc6 10. Rb1 O-O 11. O-O Bd7 12. Rfd1 d5 13. Qg3 Bc5 14. Bxf6
Bxf2+ 15. Qxf2 Qxf2+ 16. Kxf2 gxf6 17. Rd3 Kh8 18. Bh5 f5 19. exf5 exf5 20. Re1
Be6 21. Ne2 Rab8 22. Rb3 Rxb3 23. axb3 f6 24. Nd4 Bd7 25. Be2 c5 26. Nf3 Kg7
27. Bd3 Kg6 28. Re7 Bc8 29. Rxa7
1-0

[Event "Oslo Chess International - Håvard Vederhus' memorial"]
[Site "Ullevaal Stadion"]
[Date "2013.09.29"]
[Round "7"]
[White "Lindblom, Roar"]
[Black "Einarsen, Kenneth"]
[Result "0-1"]
[WhiteElo "1877"]
[BlackElo "2094"]
[PlyCount "52"]
[EventDate "2013.??.??"]

1. d4 Nf6 2. c4 c5 3. d5 b5 4. cxb5 a6 5. bxa6 g6 6. Nc3 Bxa6 7. e4 Bxf1 8.
Kxf1 d6 9. g3 Bg7 10. Kg2 O-O 11. Nf3 Nbd7 12. Qe2 Qa5 13. a4 Rfb8 14. Ra3 Qb4
15. Qc2 Ng4 16. Nb5 Nb6 17. b3 c4 18. h3 Ne5 19. Nxe5 Bxe5 20. Bd2 cxb3 21.
Rxb3 Qxa4 22. Rhb1 Nc4 23. Bh6 Rxb5 24. Rxb5 Ne3+ 25. fxe3 Qxc2+ 26. Kf3 Rc8
0-1

[Event "Oslo Chess International - Håvard Vederhus' memorial"]
[Site "Ullevaal Stadion"]
[Date "2013.09.29"]
[Round "7"]
[White "Dulman, Egmond-Gabriel"]
[Black "Lien, Kjell Håkon"]
[Result "1/2-1/2"]
[WhiteElo "2077"]
[BlackElo "1939"]
[PlyCount "68"]
[EventDate "2013.??.??"]

1. d4 d6 2. e4 Nf6 3. Nc3 e5 4. dxe5 dxe5 5. Qxd8+ Kxd8 6. Bc4 Ke8 7. Nf3 Bd6
8. h3 c6 9. a3 Nbd7 10. O-O b5 11. Ba2 Nc5 12. Re1 Be6 13. b4 Ncd7 14. Bxe6
fxe6 15. Rd1 Ke7 16. Bd2 Nb6 17. Be1 Rhg8 18. Rdb1 g5 19. g4 h5 20. Nh2 hxg4
21. hxg4 Rh8 22. f3 Nc4 23. Nf1 Bc7 24. Bf2 Nd7 25. a4 a6 26. axb5 axb5 27. Ne2
Bb6 28. Bxb6 Ndxb6 29. Kg2 Rxa1 30. Rxa1 Ra8 31. Rxa8 Nxa8 32. Kf2 Nab6 33. Ne3
Nxe3 34. Kxe3 Nc4+
1/2-1/2

[Event "Oslo Chess International - Håvard Vederhus' memorial"]
[Site "Ullevaal Stadion"]
[Date "2013.09.29"]
[Round "7"]
[White "Opasiak, Dustin Tennessee"]
[Black "Bryn, Askild"]
[Result "0-1"]
[WhiteElo "1780"]
[BlackElo "2064"]
[PlyCount "52"]
[EventDate "2013.??.??"]

1. Nf3 g6 2. g3 Bg7 3. Bg2 d6 4. O-O Nd7 5. d3 e5 6. e4 Ne7 7. c3 O-O 8. Ng5 h6
9. Nh3 f5 10. f4 fxe4 11. dxe4 Nc5 12. Be3 Nxe4 13. Bxe4 Bxh3 14. Bxb7 Bxf1 15.
Bxa8 Qxa8 16. Qxf1 exf4 17. Bxf4 g5 18. Qc4+ Kh8 19. Bd2 Ng6 20. Qe2 Ne5 21.
Qg2 Nf3+ 22. Kh1 Qd5 23. Be3 Qd1+ 24. Bg1 Nxg1 25. Qxg1 Rf1 26. Nd2 Rxg1#
0-1

[Event "Oslo Chess International - Håvard Vederhus' memorial"]
[Site "Ullevaal Stadion"]
[Date "2013.09.29"]
[Round "7"]
[White "Jørgensen, Line Jin"]
[Black "Moseng, Geir"]
[Result "0-1"]
[WhiteElo "1892"]
[BlackElo "2052"]
[PlyCount "56"]
[EventDate "2013.??.??"]

1. e4 e6 2. d4 d5 3. Nd2 Nf6 4. e5 Nfd7 5. Bd3 c5 6. c3 b6 7. Ne2 Ba6 8. Bxa6
Nxa6 9. O-O Nc7 10. f4 f5 11. exf6 Nxf6 12. Nf3 Bd6 13. Ne5 O-O 14. Ng3 cxd4
15. cxd4 Ne4 16. Nxe4 dxe4 17. Qe2 Bxe5 18. dxe5 Qd3 19. Re1 Rad8 20. Qxe4 Qxe4
21. Rxe4 Rd1+ 22. Kf2 Nd5 23. g3 g5 24. Rc4 gxf4 25. g4 Ne3 26. Rc7 Nxg4+ 27.
Ke2 Rh1 28. a4 f3+
0-1

[Event "Oslo Chess International - Håvard Vederhus' memorial"]
[Site "Ullevaal Stadion"]
[Date "2013.09.29"]
[Round "7"]
[White "Kjølberg, Jens Hjorth"]
[Black "Nilsen, Martin"]
[Result "1-0"]
[WhiteElo "2031"]
[BlackElo "1904"]
[PlyCount "77"]
[EventDate "2013.??.??"]

1. e4 e6 2. d4 d5 3. Nd2 Nf6 4. e5 Nfd7 5. Bd3 c5 6. c3 Nc6 7. Ne2 Be7 8. O-O
O-O 9. Nf3 f6 10. exf6 Nxf6 11. Re1 cxd4 12. cxd4 Bd6 13. Bf4 Nxd4 14. Bxh7+
Nxh7 15. Qxd4 Bxf4 16. Nxf4 Qd6 17. Ne5 Bd7 18. Re3 Ng5 19. Nfg6 Rf6 20. Qh4
Nf7 21. Nxf7 Kxf7 22. Ne5+ Kg8 23. Qd4 Raf8 24. Nf3 a6 25. Rd1 Be8 26. Rd2 Bh5
27. Ne1 Rc8 28. Rc2 Rxc2 29. Nxc2 Rh6 30. g3 Bg6 31. Ne1 Be4 32. Rxe4 Qc6 33.
Re3 Qc1 34. Qc3 Qd1 35. Qd3 Qh5 36. Nf3 Rf6 37. Ne5 d4 38. Qxd4 Rh6 39. Nf3
1-0

[Event "Oslo Chess International - Håvard Vederhus' memorial"]
[Site "Ullevaal Stadion"]
[Date "2013.09.29"]
[Round "7"]
[White "Omtvedt, Per"]
[Black "Harstad, Christian"]
[Result "0-1"]
[WhiteElo "2018"]
[BlackElo "1917"]
[PlyCount "44"]
[EventDate "2013.??.??"]

1. e4 e5 2. Bc4 Nf6 3. d3 Nc6 4. Nc3 Bb4 5. Nge2 d5 6. exd5 Nxd5 7. O-O Be6 8.
Ne4 h6 9. a3 Be7 10. b4 f5 11. Bxd5 Qxd5 12. N4c3 Qd7 13. f4 g5 14. b5 Nd4 15.
fxe5 f4 16. Qd2 f3 17. Nxd4 Qxd4+ 18. Kh1 fxg2+ 19. Kxg2 Bd5+ 20. Nxd5 Qxd5+
21. Kh3 g4+ 22. Kxg4 Rg8+
0-1

[Event "Oslo Chess International - Håvard Vederhus' memorial"]
[Site "Ullevaal Stadion"]
[Date "2013.09.29"]
[Round "7"]
[White "Johansen, Torbjørn Reidar"]
[Black "Bø, Torgeir H"]
[Result "1-0"]
[WhiteElo "1855"]
[BlackElo "1369"]
[PlyCount "69"]
[EventDate "2013.??.??"]

1. e4 e5 2. Nf3 Nc6 3. Bb5 d6 4. d4 Bd7 5. Bxc6 Bxc6 6. dxe5 dxe5 7. Qe2 Bd6 8.
O-O Nf6 9. Nc3 Qd7 10. Rd1 Qe6 11. Bg5 Qg4 12. h3 Qe6 13. Rd3 O-O 14. Rad1 Nh5
15. Nh4 Nf4 16. Bxf4 exf4 17. Nf5 Be5 18. Nd4 Bxd4 19. Rxd4 Qg6 20. Nd5 Bxd5
21. Rxd5 Rfe8 22. Rd7 f5 23. Qc4+ Kf8 24. exf5 Qxf5 25. R1d5 Re1+ 26. Kh2 Qe6
27. Qxf4+ Ke8 28. Qxc7 Qf6 29. Rxg7 Re7 30. Rxe7+ Qxe7 31. Re5 Qxe5+ 32. Qxe5+
Kf7 33. Qd5+ Kg6 34. Qxb7 Rf8 35. Qxa7
1-0

[Event "Oslo Chess International - Håvard Vederhus' memorial"]
[Site "Ullevaal Stadion"]
[Date "2013.09.29"]
[Round "7"]
[White "Kverndal, Leif"]
[Black "Olsen, Ulrik"]
[Result "0-1"]
[WhiteElo "1851"]
[BlackElo "1731"]
[PlyCount "90"]
[EventDate "2013.??.??"]

1. d4 Nf6 2. Nf3 g6 3. c4 Bg7 4. g3 O-O 5. Bg2 d5 6. b3 dxc4 7. bxc4 c5 8. O-O
Bg4 9. Ne5 Nc6 10. Nxg4 Nxg4 11. e3 cxd4 12. Bb2 dxe3 13. Bxg7 exf2+ 14. Kh1
Qxd1 15. Rxd1 Kxg7 16. Rf1 Nd4 17. h3 Ne3 18. Rxf2 Ndc2 19. Re2 Nxa1 20. Rxe3
Nc2 21. Re2 Nd4 22. Rxe7 Nf5 23. Rxb7 Rab8 24. Nc3 Rxb7 25. Bxb7 Rb8 26. Ba6
Nxg3+ 27. Kg2 Nf5 28. Kf3 Rb6 29. Bb5 Nd4+ 30. Ke4 Nxb5 31. Nxb5 Kf6 32. Nxa7
Ra6 33. Nb5 Rxa2 34. Kd5 Ke7 35. c5 Kd7 36. c6+ Kd8 37. c7+ Kd7 38. c8=Q+ Kxc8
39. Nd6+ Kd7 40. Nxf7 Ra5+ 41. Ke4 Ke6 42. Nd8+ Kf6 43. Kf3 Kf5 44. Nc6 Ra3+
45. Kg2 Kf4
0-1

[Event "Oslo Chess International - Håvard Vederhus' memorial"]
[Site "Ullevaal Stadion"]
[Date "2013.09.29"]
[Round "7"]
[White "Amarapala, Sherington"]
[Black "Rygg, Snorre"]
[Result "1-0"]
[WhiteElo "1714"]
[BlackElo "1844"]
[PlyCount "63"]
[EventDate "2013.??.??"]

1. e4 c5 2. Nf3 d6 3. d4 cxd4 4. Nxd4 Nf6 5. Nc3 g6 6. Be3 Bg7 7. Qd2 Ng4 8.
Bg5 h6 9. Bh4 O-O 10. h3 Nf6 11. Bc4 Nc6 12. Nxc6 bxc6 13. O-O Kh7 14. f4 Nd7
15. Kh1 Nb6 16. Bb3 Ba6 17. Rf3 Rb8 18. f5 Bc4 19. g4 a5 20. g5 h5 21. f6 exf6
22. gxf6 Bh6 23. Bg5 Bxg5 24. Qxg5 a4 25. Rg1 axb3 26. Rf5 Rh8 27. Qxh5+ Kg8
28. Rxg6+ fxg6 29. Qxg6+ Kf8 30. Qg7+ Ke8 31. f7+ Kd7 32. f8=Q+
1-0

[Event "Oslo Chess International - Håvard Vederhus' memorial"]
[Site "Ullevaal Stadion"]
[Date "2013.09.29"]
[Round "7"]
[White "Aarnes, Carl Christian"]
[Black "Machlik, Jon"]
[Result "0-1"]
[WhiteElo "1840"]
[BlackElo "1816"]
[PlyCount "80"]
[EventDate "2013.??.??"]

1. e4 e5 2. Nf3 Nc6 3. d4 exd4 4. Nxd4 Bc5 5. Nb3 Bb6 6. Nc3 Qf6 7. Qe2 Nge7 8.
Be3 d6 9. a4 Be6 10. Nd5 Bxd5 11. exd5 Nd4 12. Nxd4 Bxd4 13. Qb5+ c6 14. Qxb7
O-O 15. Be2 Bxb2 16. Rd1 Nxd5 17. O-O Nc3 18. Rd2 d5 19. Bxa7 Nxa4 20. Bf3 Be5
21. c4 Qh6 22. Rfd1 Qxh2+ 23. Kf1 Qh1+ 24. Ke2 Nc3+ 25. Kd3 Nxd1 26. Rxd1 dxc4+
27. Ke2 Qh6 28. g3 c3 29. Be3 Qg6 30. Qxc6 Qc2+ 31. Kf1 Rfd8 32. Rd5 Bf6 33.
Bb6 Rdc8 34. Ra5 Rab8 35. Bc7 Bd4 36. Kg2 Bb6 37. Rb5 Qxf2+ 38. Kh3 Rxc7 39.
Qd6 c2 40. Rd5 Rcc8
0-1

[Event "Oslo Chess International - Håvard Vederhus' memorial"]
[Site "Ullevaal Stadion"]
[Date "2013.09.29"]
[Round "7"]
[White "Yilmaz, Kazim"]
[Black "Roholdt, Njaal"]
[Result "1/2-1/2"]
[WhiteElo "1683"]
[BlackElo "1749"]
[PlyCount "41"]
[EventDate "2013.??.??"]

1. e4 e5 2. Nf3 Nc6 3. Bb5 Bc5 4. Nc3 Nf6 5. O-O O-O 6. Bxc6 dxc6 7. Qe2 Bg4 8.
d3 h6 9. h3 Bh5 10. Be3 Bd6 11. Kh2 Kh8 12. Rg1 Rg8 13. g4 Bg6 14. Nh4 Nh7 15.
Ng2 Be7 16. Raf1 b5 17. f4 exf4 18. Bxf4 Bc5 19. Ne3 b4 20. Ncd1 a5 21. Rg2
1/2-1/2

[Event "Oslo Chess International - Håvard Vederhus' memorial"]
[Site "Ullevaal Stadion"]
[Date "2013.09.29"]
[Round "7"]
[White "Sivaranjan, Aschmirthan"]
[Black "Bue, Gunnar"]
[Result "1/2-1/2"]
[WhiteElo "1568"]
[BlackElo "1728"]
[PlyCount "70"]
[EventDate "2013.??.??"]

1. e4 c5 2. Nf3 e6 3. d4 cxd4 4. Nxd4 a6 5. c4 Nc6 6. Nc3 Nxd4 7. Qxd4 Ne7 8.
Be2 Nc6 9. Qd1 Be7 10. Be3 O-O 11. O-O d6 12. Qd2 Bd7 13. Rfd1 Rc8 14. c5 d5
15. exd5 Ne5 16. Ne4 f5 17. dxe6 Bxe6 18. Nd6 Bxd6 19. Qxd6 Qxd6 20. Rxd6 Rc6
21. Rxc6 Nxc6 22. Bf4 Rd8 23. Bd6 Nd4 24. Bd3 Nb5 25. Bxb5 axb5 26. b4 Ra8 27.
a3 Kf7 28. f4 Ra6 29. Kf2 Rc6 30. a4 bxa4 31. Rxa4 Ra6 32. Rxa6 bxa6 33. Ke3
Bd5 34. g3 Bc6 35. Kd4 Ke6
1/2-1/2

[Event "Oslo Chess International - Håvard Vederhus' memorial"]
[Site "Ullevaal Stadion"]
[Date "2013.09.29"]
[Round "7"]
[White "Endresen, Ola Torstein"]
[Black "Keadana, Amir"]
[Result "1/2-1/2"]
[WhiteElo "1485"]
[BlackElo "1662"]
[PlyCount "52"]
[EventDate "2013.??.??"]

1. d4 e6 2. Nc3 d5 3. e4 dxe4 4. Nxe4 Bd7 5. Bg5 Be7 6. h4 h6 7. Bxe7 Qxe7 8.
c3 Bc6 9. Nf3 Bxe4 10. Qa4+ Nd7 11. O-O-O Bxf3 12. gxf3 Ngf6 13. Rg1 g6 14. Bh3
c6 15. Rde1 Nb6 16. Qb3 Nfd5 17. Rxg6 Qxh4 18. Rgxe6+ fxe6 19. Bxe6 Qxf2 20.
Re5 Ne3 21. Bg8+ Kd8 22. Re8+ Kc7 23. Re7+ Kd8 24. Re8+ Kc7 25. Re7+ Kb8 26.
Re8+ Kc7
1/2-1/2

[Event "Oslo Chess International - Håvard Vederhus' memorial"]
[Site "Ullevaal Stadion"]
[Date "2013.09.29"]
[Round "7"]
[White "Aure, Anders Nilsson"]
[Black "Sajjadi, Kimiya"]
[Result "1/2-1/2"]
[WhiteElo "1622"]
[BlackElo "1465"]
[PlyCount "48"]
[EventDate "2013.??.??"]

1. c4 f5 2. Nc3 Nf6 3. g3 g6 4. Bg2 Bg7 5. e3 O-O 6. Nge2 c5 7. O-O e5 8. d3 d6
9. Rb1 a5 10. f4 Nc6 11. fxe5 dxe5 12. Nd5 Be6 13. Nec3 Rb8 14. a3 h5 15. Qe2
Nd7 16. Bd2 h4 17. gxh4 Qxh4 18. Qf2 Qh7 19. Qg3 Bh6 20. Rbd1 Kg7 21. h4 Rh8
22. Be1 Rbf8 23. Nc7 Bf7 24. N7d5 Be6
1/2-1/2